Guide pratique de culture biologique : Méthode Lemaire-Boucher (Record no. 12661)

MARC details
000 -LEADER
fixed length control field 00498 a2200193 4500
035 ## - SYSTEM CONTROL NUMBER
System control number 4442
130 ## - VEDETTE PRINCIPALE - TITRE UNIFORME
Language of a work Fr.
100 ## - VEDETTE PRINCIPALE - NOM DE PERSONNE
Personal name SAINT HENIS, A. de
260 ## - PUBLICATION, DISTRIBUTION, ETC. (IMPRINT)
Name of publisher, distributor, etc Ed. Agriculture et vie
245 ## - TITLE STATEMENT
Title Guide pratique de culture biologique : Méthode Lemaire-Boucher
260 ## - PUBLICATION, DISTRIBUTION, ETC. (IMPRINT)
Place of publication, distribution, etc Anger
260 ## - PUBLICATION, DISTRIBUTION, ETC. (IMPRINT)
Date of publication, distribution, etc 1972
250 ## - EDITION STATEMENT
Edition statement 1ère éd.
300 ## - PHYSICAL DESCRIPTION
Extent 287 p.
300 ## - PHYSICAL DESCRIPTION
Other physical details ill. (part. en coul., portr., fig. ; 28 cm
650 ## - SUBJECT ADDED ENTRY--TOPICAL TERM
Topical term or geographic name as entry element Biologie-Guides, manuels, etc.
700 ## - ADDED ENTRY--PERSONAL NAME
Personal name BOUCHER, Jean
Holdings
Withdrawn status Lost status Damaged status Not for loan Location (home branch) Sublocation or collection (holding branch) Date acquired Koha issues (times borrowed) Koha full call number Koha date last seen Price effective from Koha item type
        Bibliothèque Ecole Polytechnique d'Abomey-Calavi Bibliothèque Ecole Polytechnique d'Abomey-Calavi 27/02/2009   547.0202/S141g 27/02/2009 27/02/2009 Livre


© 2008, Bibliothèques de l'Université d'Abomey-Calavi

04 BP 789 Cotonou, Tél. : +229 21 36 01 01, Fax : +229 21 35 06 32

Courriel : bu@bu.uac.bj